Celoslovenská porada podnikových archivárov v Dubnici nad Váhom

Bibliographic Details
Main Author: Kartous, Peter, 1943- (Author)
Format: Article
Language:Slovak

MARC

LEADER 00000nab a2200000uu 4500
001 vtls010877517
003 SK-MaSNL
005 20260304015044.0
008 230222|1973 xo |||||||||||||||||slo|
015 |a SNBRB 
035 |a (urnnbn)urn:nbn:sk:snk:ar-005sg1 
035 |a (uuid)43acf6b3-b961-46ed-8b4a-7a82915acaf1 
035 |a urn:nbn:sk:snk-ab7lx0 
040 |a SNKBUCL  |b slo  |c SNKBUCL  |e AACR2 
041 0 |a slo 
044 |a xo  |c SK 
100 1 |a Kartous, Peter,  |d 1943-  |4 aut  |9 100853 
245 1 0 |a Celoslovenská porada podnikových archivárov v Dubnici nad Váhom  |c Peter Kartous 
773 0 |t Slovenská archivistika  |g Roč. 8, č. 1 (1973), s. 194-197 
954 |a odborná, vedecká literatúra pôvodná (slovenská)  |2 lita 
958 |a OND 
958 |a EUIPO 
958 |a article8 
999 |c 2589310  |d 2591240